Microsoft office 2000 - 8 in 1 easy steps for fast results (Record no. 583196)

000 -LEADER
fixed length control field 00618nam a22001817a 4500
003 - CONTROL NUMBER IDENTIFIER
control field CEME
005 - DATE AND TIME OF LATEST TRANSACTION
control field 20210628210050.0
008 - FIXED-LENGTH DATA ELEMENTS--GENERAL INFORMATION
fixed length control field 210211b xxu||||| |||| 00| 0 eng d
020 ## - INTERNATIONAL STANDARD BOOK NUMBER
International Standard Book Number 81-203-1582-0
040 ## - CATALOGING SOURCE
Transcribing agency .
082 ## - DEWEY DECIMAL CLASSIFICATION NUMBER
Classification number 005.3 HAB
100 ## - MAIN ENTRY--PERSONAL NAME
Personal name Habraken, Joe
9 (RLIN) 78037
245 ## - TITLE STATEMENT
Title Microsoft office 2000 - 8 in 1 easy steps for fast results
260 ## - PUBLICATION, DISTRIBUTION, ETC.
Place of publication, distribution, etc. NEW DELHI
Name of publisher, distributor, etc. PRENTICE HALL
Date of publication, distribution, etc. 1999
300 ## - PHYSICAL DESCRIPTION
Extent 1278P
650 ## - SUBJECT ADDED ENTRY--TOPICAL TERM
Topical term or geographic name entry element MS OFFICE 2000 PUBLISHER 2000 FRONT PAGE 2000 PHOTODRAW 2000 ACCESS 2000 OUTLOOK 2000 POWERPOINT 2000 EXCEL 2000 WORD 2000 WINDOWS 95 WINDOWS 98 WINDOWS NT 4.0
9 (RLIN) 78038
942 ## - ADDED ENTRY ELEMENTS (KOHA)
Koha item type Book
Source of classification or shelving scheme
Holdings
Withdrawn status Lost status Damaged status Not for loan Permanent Location Current Location Shelving location Date acquired Total Checkouts Full call number Barcode Date last seen Price effective from Koha item type
        College of Electrical & Mechanical Engineering (CEME) College of Electrical & Mechanical Engineering (CEME) General Stacks 06/13/2017   005.3 HAB CEME-33498 06/28/2021 06/28/2021 Book
© 2023 Central Library, National University of Sciences and Technology. All Rights Reserved.